[Event "Olympiad-41"]
[Site "Tromsoe"]
[Date "2014.08.02"]
[Round "1.3"]
[White "Howell, David"]
[Black "Sands, David A"]
[Result "1-0"]
[WhiteElo "2650"]
[BlackElo "2210"]
[PlyCount "82"]
[EventDate "2014.08.02"]
[EventType "team-swiss"]
[EventRounds "11"]
[EventCountry "NOR"]
[SourceTitle "CBM 162"]
[Source "ChessBase"]
[SourceDate "2014.09.17"]
[SourceVersion "1"]
[SourceVersionDate "2014.09.17"]
[SourceQuality "1"]
[WhiteTeam "England"]
[BlackTeam "Wales"]
[WhiteTeamCountry "ENG"]
[BlackTeamCountry "WLS"]

1. e4 c5 2. Nf3 e6 3. g3 d5 4. exd5 exd5 5. d4 Nc6 6. Bg2 Nf6 7. 0-0 Be7 8. h3 0-0 9. Be3 cxd4 10. Nxd4 h6 11. Nd2 Re8 12. c3 Bd7 13. Re1 Bf8 14. Kh2 Ne5 15. Re2 Rc8 16. Qb3 b6 17. Rd1 Nd3 18. Qc2 Nc5 19. Rde1 Ba4 20. Qb1 Bd7 21. Nf1 Nce4 22. Qd3 Nc5 23. Qd1 Ba4 24. Qb1 Bd7 25. Bf4 Nce4 26. Qd1 g6 27. Bc1 Bg7 28. Ne3 Ng5 29. Qd3 Nge4 30. Nxd5 Nxf2 31. Rxe8+ Bxe8 32. Nxf6+ Qxf6 33. Qe2 Nxh3 34. Bxh3 Rd8 35. Rf1 Qd6 36. Bf4 Qc5 37. Re1 Bf8 38. Be5 Bd7 39. Qf3 Qe7 40. Bxd7 Rxd7 41. Re2 Qd8 1-0

[Event "BCF-chT1c 1314 (4NCL) Promotion pool"]
[Site "England"]
[Date "2014.05.03"]
[Round "9.147"]
[White "Koneski, Zoran"]
[Black "Sands, David A"]
[Result "1/2-1/2"]
[WhiteElo "2226"]
[BlackElo "2243"]
[PlyCount "58"]
[EventDate "2013.11.16"]
[EventType "team-tourn"]
[EventRounds "4"]
[EventCountry "ENG"]
[SourceTitle "EXT 2015"]
[Source "ChessBase"]
[SourceDate "2014.11.20"]
[SourceVersion "1"]
[SourceVersionDate "2014.11.20"]
[SourceQuality "1"]
[WhiteTeam "e2e4.org.uk"]
[BlackTeam "Barbican II"]
[WhiteTeamCountry "ENG"]
[BlackTeamCountry "ENG"]

1. e4 c5 2. Nc3 Nc6 3. f4 g6 4. Nf3 Bg7 5. g3 d6 6. Bg2 e6 7. d3 Nge7 8. 0-0 0-0 9. Qe1 Bd7 10. Rb1 Nd4 11. Rf2 Nec6 12. Nxd4 Nxd4 13. Be3 Rc8 14. Qd2 b6 15. Ne2 Bc6 16. c3 Nxe2+ 17. Rxe2 d5 18. Bf2 dxe4 19. dxe4 Bb5 20. Qxd8 Rfxd8 21. Ree1 Rd7 22. Rbd1 Rcd8 23. Bf3 Bc6 24. Rxd7 Rxd7 25. Be3 f5 26. Kf2 fxe4 27. Bg2 Kf8 28. Bc1 e5 29. fxe5 Bxe5 1/2-1/2

[Event "WLS-ch 60th"]
[Site "Cardiff"]
[Date "2014.04.18"]
[Round "2"]
[White "Sands, David A"]
[Black "Staniforth, Matthew"]
[Result "1-0"]
[WhiteElo "2226"]
[BlackElo "1891"]
[PlyCount "45"]
[EventDate "2014.04.18"]
[EventType "swiss"]
[EventRounds "7"]
[EventCountry "WLS"]
[SourceTitle "CBM 160 Extra"]
[Source "ChessBase"]
[SourceDate "2014.07.01"]
[SourceVersion "1"]
[SourceVersionDate "2014.07.01"]
[SourceQuality "1"]

1. d4 Nf6 2. c4 e6 3. Nf3 d5 4. Nc3 c6 5. e3 Nbd7 6. Qc2 Bd6 7. Be2 0-0 8. 0-0 a6 9. a4 Qe7 10. Rd1 dxc4 11. Bxc4 e5 12. h3 h6 13. Ba2 Re8 14. dxe5 Nxe5 15. Nd4 Bc7 16. f4 Ned7 17. Nf5 Qf8 18. e4 Nb6 19. Ng3 Be6 20. Bxe6 Rxe6 21. a5 Nc4 22. e5 Nd7 23. Rxd7 1-0